| 000 | 00000nam##2200000za#4500 |
| 001 | 9.699972 |
| 003 | CaOODSP |
| 005 | 20210625000625 |
| 007 | cr ||||||||||| |
| 008 | 150407|1917||||xxc|||||o f|0| 0 eng|d |
| 040 | |aCaOODSP|beng |
| 043 | |an-cn--- |
| 086 | 1 |aCP32-151/1917E-PDF |
| 110 | 1 |aCanada. |bPrivy Council Office. |
| 245 | 10|aReport of the commissioners appointed to investigate the businesses of William Davies Co., Ltd., and Matthews-Blackwell, Ltd. / |h[electronic resource]|cGeo. F. Henderson, A.B. Brodie, and G.T. Clarkson, [commissioners]. |
| 260 | |aOttawa - Ontario : |bPrivy Council Office |cNovember 1, 1917. |
| 300 | |a26p.|btables |
| 500 | |aHistorical publication digitized in 2010 by Privy Council Office of Canada. |
| 590 | |a15-04-Supp|b2015-03-19 |
| 690 | 07|aAgri-food products|2gcpds |
| 690 | 07|aPrices|2gcpds |
| 690 | 07|aCommissions of inquiry|2gcpds |
| 856 | 40|ahttp://publications.gc.ca|qPDF|s5.43 MB|uhttps://publications.gc.ca/collections/collection_2014/bcp-pco/CP32-151-1917-eng.pdf |